Click the Legend of Zelda Logos Quiz Stats

 Plays Quiz Updated Mar 16, 2019

Score 0/18 Timer 03:00
25 Plays Today
% Correct
Phantom Hourglass
84.3%
Majora's Mask
84.1%
Ocarina of Time
83%
Four Swords Adventures
80.4%
Spirit Tracks
78.4%
The Wind Waker
77.1%
Twilight Princess
73.4%
A Link Between Worlds
73.2%
Four Swords
69.6%
% Correct
The Legend of Zelda
69.5%
Skyward Sword
66%
Tri Force Heroes
65.4%
Breath of the Wild
65.4%
Oracle of Ages
63.9%
Oracle of Seasons
61.9%
The Minish Cap
61.6%
A Link to the Past|
Link's Awakening
60.9%
The Adventure of Link
52.8%

You're not logged in!

Compare scores with friends on all Sporcle quizzes.
OR
Log In

Show Comments

Extras

Top Quizzes Today


Score Distribution

Your Account Isn't Verified!

In order to create a playlist on Sporcle, you need to verify the email address you used during registration. Go to your Sporcle Settings to finish the process.

Report this User

Report this user for behavior that violates our Community Guidelines.

Details: